Network Synthesis, Theory : EC/TE/EE [e resource : question paper] : (SEE) BE Fourth sem (Summer Term) Aug 09 PESIT Autonomous (EE252) (Record no. 210337)
[ view plain ]
| 000 -LEADER | |
|---|---|
| fixed length control field | 00492nam a2200121Ia 4500 |
| 008 - FIXED-LENGTH DATA ELEMENTS--GENERAL INFORMATION | |
| fixed length control field | 231221s9999 xx 000 0 und d |
| 041 ## - LANGUAGE CODE | |
| Language code of text/sound track or separate title | English |
| 082 ## - DEWEY DECIMAL CLASSIFICATION NUMBER | |
| Classification number | QPEEUG09-3026 |
| 245 #0 - TITLE STATEMENT | |
| Title | Network Synthesis, Theory : EC/TE/EE [e resource : question paper] : (SEE) BE Fourth sem (Summer Term) Aug 09 PESIT Autonomous (EE252) |
| 260 ## - PUBLICATION, DISTRIBUTION, ETC. | |
| Date of publication, distribution, etc. | 2009/08 |
| Name of publisher, distributor, etc. | PESIT |
| Place of publication, distribution, etc. | Bangalore |
| 650 ## - SUBJECT ADDED ENTRY--TOPICAL TERM | |
| Topical term or geographic name entry element | Network,Synthesis,,EC/TE/EE,[e,paper],(SEE),BE,Fourth,(Summer,Term),Aug,09,PESIT,Autonomous,(EE252) |
| 942 ## - ADDED ENTRY ELEMENTS (KOHA) | |
| Koha item type | Digital Library |
| Date last seen | Total checkouts | Full call number | Accession number | Uniform resource identifier | Price effective from | Category | Lost status | Damaged status | Department | Withdrawn status | Home library | Current library | Shelving location | Entry date | Grants | Billdate | Currency symbol | Conversion rate | Discount | Old discount |
|---|---|---|---|---|---|---|---|---|---|---|---|---|---|---|---|---|---|---|---|---|
| 26/01/2024 | QPEEUG09-3026 | DL3026 | digital/qp/dl3026.pdf | 26/01/2024 | Digital Library | Central Library | Central Library | Central Library | Central Library | EE | 12/06/2013 | RS | 1 |
